000 00370cam a2200145ua 4500
041 _aeng
_h
082 _a307.14
_bBAT/CO
100 _aBatten, T R .
245 _aCommunities and their development /
_cT R Batten.
_hTextual Documents
260 _aLondon :
_bOxford University Press ,
_c1960.
300 _a248 ; .
504 _a
942 _cBK
999 _c5112
_d5112